Statistiques concernant Entrainement capitales les plus difficiles

Cliquez ici pour prendre le quiz!

Statistiques générales

  • Ce quiz a été pris 69 fois
    (25 depuis la dernière actualisation)
  • Le résultat moyen est 66 sur 100

Statistiques - réponses

HintRéponse% Correct
LiechteinsteinVaduz
91%
VietnamHanoi
87%
Rep.dem. du congoKinshasa
83%
GabonLibreville
83%
PhilippinesManille
83%
JordanieAmman
78%
Guinée bissaubissau
78%
Rep du congoBrazzaville
78%
MoldavieChisinau
78%
guatemalaguatemala
78%
PakistanIslamabad
78%
BahamasNassau
78%
CambodgePhnom Penh
78%
MonténégroPodgorica
78%
KosovoPristina
78%
Arabie SaouditeRiyad
78%
SalvadorSan Salvador
78%
Cote d'ivoireYamoussoukro
78%
GhanaAccra
74%
AzerbaidjanBakou
74%
MaliBamako
74%
KirghizistanBichkek
74%
Sierra leoneFreetown
74%
NigerNiamey
74%
KazakhstanNoursoultan
74%
HaitiPort au prince
74%
YemenSanaa
74%
Sao tomé et principeSao tomé
74%
LaosVientiane
74%
EthiopieAddis-Abeba
70%
GuinéeConakry
70%
MaldivesMalé
70%
NicaraguaManagua
70%
MozambiqueMaputo
70%
SomalieMogadiscio
70%
TchadNdjamena
70%
MauritanieNouakchott
70%
Burkina fasoOuagadougou
70%
Costa ricaSan josé
70%
seychellesVictoria
70%
New zelandWellington
70%
NamibieWindhoek
70%
CamerounYaoundé
70%
Nigeriaabuja
65%
ErythréeAsmara
65%
Tanzaniedodoma
65%
ArménieErevan
65%
BostwanaGaborone
65%
ZimbabweHarare
65%
OugandaKampala
65%
Soudankhartoum
65%
RwandaKigali
65%
malawiLilongwe
65%
AngolaLuanda
65%
BahreinManama
65%
OmanMascate
65%
LesothoMaseru
65%
SurinameParamaribo
65%
BeninPorto novo
65%
DominiqueRoseau
65%
Rep. DominicaineSaint Domingue
65%
OuzbekistanTachkent
65%
GéorgieTbilissi
65%
HondurasTegucigalpa
65%
BhoutanThimphou
65%
Republique centrafricaineBangui
61%
BelizeBelmopan
61%
Sainte LucieCastries
61%
TadjikistanDouchanbé
61%
GuyanaGeorgetown
61%
TogoLomé
61%
ZambieLusaka
61%
LiberiaMonrovia
61%
ComoresMoroni
61%
Trinité et tobagoPort d'Espagne
61%
Cap vertPraia
61%
Antigua et barbudaSaint John's
61%
TurkménistanAchgabat
57%
GambieBanjul
57%
Saint Chistophe et NievesBasseterre
57%
BarbadeBridgetown
57%
Soudan du sudDjouba
57%
St Vincent les grenadinesKingstown
57%
EswatiniMbabane
57%
Papouasie nouvelle guinéePort Moresby
57%
VanuatuPort vila
57%
GrenadeSaint george's
57%
FidjiSuva
57%
NauruYaren
57%
MarshallMajuro
52%
Guinée equatorialeMalabo
52%
Myanmar/BirmanieNaypyidaw
52%
Etats fédérés de micronésiePalikir
52%
SamoaApia
48%
BurundiGitega
48%
SalomonHoniara
48%
KiribatiTarawa
48%
TuvaluFunafuti
43%
PalaosNgerulmud
43%
TongaNuku'Alofa
43%

Distribution des résultats

Percentile par nombre de réponses

% des personnes avec chaque résultat

Votre développement - résultats

Vous n’avez pas pris ce quiz depuis la dernière actualisation